01367nam a22003614a 4500001001200000003000800012006001900020007001500039008004100054010001700095020003600112020001800148040002100166035002100187043001200208050002600220082001800246100002200264245009000286250001200376260004300388300002300431504006600454533015200520650003500672650003300707650003900740651003700779655002900816710001700845856012600862999001700988ebr10150447CaPaEBRm u cr cn|||||||||050902s2006 nyua sb 001 0 eng  z 2005053504 z1403972176 (hdbk. : alk. paper) z9781403972170 aCaPaEBRcCaPaEBR a(OCoLC)567962846 ae-fr---14aGT2295.F8bZ33 2006eb04a391.509442221 aZdatny, Steven M.10aFashion, work, and politics in modern Franceh[electronic resource] /cSteven Zdatny. a1st ed. aNew York :bPalgrave Macmillan,c2006. axv, 325 p. :bill. aIncludes bibliographical references (p. [297]-307) and index. aElectronic reproduction.bPalo Alto, Calif. :cebrary,d2013.nAvailable via World Wide Web.nAccess may be limited to ebrary affiliated libraries. 0aHairdressingzFrancexHistory. 0aHairstyleszFrancexHistory. 0aBeauty, PersonalzFrancexHistory. 0aFrancexSocial life and customs. 7aElectronic books.2local2 aebrary, Inc.40uhttp://site.ebrary.com/lib/rucke/Doc?id=10150447zAn electronic book accessible through the World Wide Web; click to view c94624d94624